000 00760cam a2200241 a 4500
001 000005298
005 20200929151633.0
008 990226s2001 sp 001 1 spa
020 _a8466304010
040 _aDO-SdBNP
_bspa
_cBNPHU
082 _a863.5
_bV162p
100 1 _aValera, Juan,
_d1824-1905.
_96833
245 1 0 _aPepita Jiménez /
_cJuan Valera ; selección, estudio y notas, María Luisa Guardiola.
260 _a[Madrid] :
_bSuma de Letras,
_c2001.
300 _a380 p. ;
_c18 cm.
490 1 _aPunto de lectura
_v300/11
650 4 _aNovela española
_91123
650 4 _aLiteratura española
_9632
700 1 _aGuardiola, María Luisa
_915072
830 0 _aPunto de lectura ;
_v300/11
_93047
910 _aCatalogación derivada
910 _aWM
999 _c5099
_d5099